Kpop Groups - Statistics

General Stats
  • This quiz has been taken 493 times
  • The average score is 6 of 15
Answer Stats
The first letter of the groups name Answers % Correct
B Bts
94%
B Blackpink
81%
B Big bang
68%
T Twice
67%
A Ateez
54%
S Stray kids
53%
M Monsta x
42%
S Snsd
38%
G Got7
31%
W Wanna one
27%
I Ikon
26%
M Miss a
13%
B Beast
12%
T Teen top
8%
T The rose
4%
No matching quizzes found
Score Distribution
Percent of People with Each Score
Percentile by Number Answered
Your Score History
You have not taken this quiz